<?xml version="1.0" encoding="UTF-8"?>
<collection xmlns="http://www.loc.gov/MARC21/slim">
 <record>
  <leader>01653nam a2200193Ia 4500</leader>
  <controlfield tag="001">CTU_108550</controlfield>
  <controlfield tag="008">210402s9999    xx            000 0 und d</controlfield>
  <datafield tag="082" ind1=" " ind2=" ">
   <subfield code="a">005.13</subfield>
  </datafield>
  <datafield tag="082" ind1=" " ind2=" ">
   <subfield code="b">W959</subfield>
  </datafield>
  <datafield tag="100" ind1=" " ind2=" ">
   <subfield code="a">Wu, C. Thomas</subfield>
  </datafield>
  <datafield tag="245" ind1=" " ind2="3">
   <subfield code="a">An introduction to Object-Oriented programming with Java</subfield>
  </datafield>
  <datafield tag="245" ind1=" " ind2="0">
   <subfield code="c">C. Thomas Wu</subfield>
  </datafield>
  <datafield tag="260" ind1=" " ind2=" ">
   <subfield code="a">Boston Burr Ridge</subfield>
  </datafield>
  <datafield tag="260" ind1=" " ind2=" ">
   <subfield code="b">Mc Graw Hill</subfield>
  </datafield>
  <datafield tag="260" ind1=" " ind2=" ">
   <subfield code="c">2001</subfield>
  </datafield>
  <datafield tag="520" ind1=" " ind2=" ">
   <subfield code="a">An Introduction to Object-Oriented Programming with Java&quot; provides an accessible and technically thorough introduction to the basics of programming using Java. The fourth edition continues to take a truly object-oriented approach. Objects are used early so that students think in objects right from the beginning. In the fourth edition, the coverage on defining classes has been made more accessible. The material has been broken down into smaller chunks and spread over two chapters, making it more student-friendly. Also, new to this edition is the incorporation of Java 1.5 features, including use of the Scanner Class and the Formatter Class. The hallmark feature of the book, Sample Development Programs, are continued in this edition. These provide students with an opportunity to incrementally, step by step, walk through program design, learning the fundamentals of software engineering. Object diagrams, using a subset of UML, also continue to be an important element of Wu's approach. The consistent, visual approach assists students in understanding concepts.</subfield>
  </datafield>
  <datafield tag="650" ind1=" " ind2=" ">
   <subfield code="a">Object-oriented programming (computer science),Java (computer program language)</subfield>
  </datafield>
  <datafield tag="904" ind1=" " ind2=" ">
   <subfield code="i">Hiếu</subfield>
  </datafield>
  <datafield tag="980" ind1=" " ind2=" ">
   <subfield code="a">Trung tâm Học liệu Trường Đại học Cần Thơ</subfield>
  </datafield>
 </record>
</collection>
